Cults, world religions and you / (Record no. 3818)
[ view plain ]
| 000 -LEADER | |
|---|---|
| fixed length control field | 00693cam a2200277Mi 4500 |
| 001 - CONTROL NUMBER | |
| control field | 499834465 |
| 003 - CONTROL NUMBER IDENTIFIER | |
| control field | OCoLC |
| 005 - DATE AND TIME OF LATEST TRANSACTION | |
| control field | 20181122173021.0 |
| 008 - FIXED-LENGTH DATA ELEMENTS--GENERAL INFORMATION | |
| fixed length control field | 800826s1979 ilu 000 0 eng d |
| 020 ## - INTERNATIONAL STANDARD BOOK NUMBER | |
| International Standard Book Number | 088207752X |
| 020 ## - INTERNATIONAL STANDARD BOOK NUMBER | |
| International Standard Book Number | 9780882077529 |
| 035 ## - SYSTEM CONTROL NUMBER | |
| System control number | (OCoLC)499834465 |
| 040 ## - CATALOGING SOURCE | |
| Original cataloging agency | UKMGB |
| Transcribing agency | UKMGB |
| Modifying agency | CIRBC |
| 050 14 - LIBRARY OF CONGRESS CALL NUMBER | |
| Classification number | BL80.2 |
| 082 04 - DEWEY DECIMAL CLASSIFICATION NUMBER | |
| Classification number | 200 |
| Edition number | 18 |
| 082 04 - DEWEY DECIMAL CLASSIFICATION NUMBER | |
| Classification number | 291 |
| Edition number | 19 |
| Item number | B662C |
| 092 ## - LOCALLY ASSIGNED DEWEY CALL NUMBER (OCLC) | |
| Classification number | 209 |
| Item number | B6621 |
| 100 1# - MAIN ENTRY--PERSONAL NAME | |
| Personal name | Boa, Kenneth. |
| 245 10 - TITLE STATEMENT | |
| Title | Cults, world religions and you / |
| Statement of responsibility, etc. | Kenneth Boa. |
| 250 ## - EDITION STATEMENT | |
| Edition statement | 4th printing. |
| 260 ## - PUBLICATION, DISTRIBUTION, ETC. | |
| Place of publication, distribution, etc. | Wheaton, Ill. : |
| Name of publisher, distributor, etc. | Victor Books, |
| Date of publication, distribution, etc. | 1977. |
| 300 ## - PHYSICAL DESCRIPTION | |
| Extent | 204 p. ; |
| Dimensions | 21 cm. |
| 650 #0 - SUBJECT ADDED ENTRY--TOPICAL TERM | |
| Topical term or geographic name entry element | Religions. |
| 653 ## - INDEX TERM--UNCONTROLLED | |
| Uncontrolled term | Religions |
| 942 ## - ADDED ENTRY ELEMENTS (KOHA) | |
| Source of classification or shelving scheme | Dewey Decimal Classification |
| Koha item type | Books |
| Withdrawn status | Lost status | Source of classification or shelving scheme | Damaged status | Not for loan | Collection code | Home library | Current library | Shelving location | Date acquired | Cost, normal purchase price | Total Checkouts | Full call number | Barcode | Date last seen | Price effective from | Koha item type |
|---|---|---|---|---|---|---|---|---|---|---|---|---|---|---|---|---|
| Dewey Decimal Classification | Non-fiction | Harvest Mission College | Harvest Mission College | General Stacks | 22.11.2018 | 260.00 | 200 | 004381 | 22.11.2018 | 22.11.2018 | Books |
